00343nam a2200121Ia 4500008004000000020001800040082001600058100001900074245005500093260003800148300001200186650002300198210210b2004 xxu||||| |||| 00| 0 eng d a81 229 0167 0 a070.44 LEVM aLEVI (Ragnar). aMedical journalism: exposing fact, fiction, fraud. aDelhibSurjeet publicationsc2004 avii,151 aMedical journalism